| 000 | 00392nam a2200133Ia 4500 | ||
|---|---|---|---|
| 008 | 240624s9999 xx 000 0 und d | ||
| 041 | _aeng | ||
| 082 | _a658.3 KAN | ||
| 100 | _aKANDULA SRINIVAS R | ||
| 245 | _aHUMAN RESOURCE MANAGEMENT IN PRACTICE WITH 300 MODELS TECH | ||
| 260 |
_c2014 _aNew Delhi _bPHI Learning Private Limited |
||
| 300 | _axii, : 378 : p. : cm. ; 22 | ||
| 365 |
_cRS _b33 |
||
| 999 |
_c25530 _d25530 |
||